| 000 | 00460ntaaa2200169 4500 | ||
|---|---|---|---|
| 003 | 01 | ||
| 005 | 20251027202501.0 | ||
| 008 | 0714s1973 ag 01 | ||
| 040 |
_aAR-BaBN _bspa _cAR-BaBN _eaacr _dRIC |
||
| 082 | _a220.5000 B47 | ||
| 245 | _aSagrada Biblia | ||
| 250 | _a1 ed. | ||
| 260 |
_aNueva York : _bs/d, _c1850 |
||
| 500 | _aVersion cotejada cuidadosamente con las lenguas antiguas, edicion estereotipica | ||
| 650 |
_aBiblia--versiones _9463 |
||
| 942 | _cBK | ||
| 999 |
_c19855 _d19855 |
||